[Event "ch-RUS Blitz w 2016"]
[Site "Sochi RUS"]
[Date "2016.10.04"]
[Round "6.1"]
[White "Ambartsumova, Karina"]
[Black "Pustovoitova, Daria"]
[Result "0-1"]
[WhiteTitle "WGM"]
[BlackTitle "FM"]
[WhiteElo "2280"]
[BlackElo "2386"]
[WhiteFideId "4166299"]
[BlackFideId "4182146"]
[EventDate "2016.10.04"]

1. e4 e6 2. d4 d5 3. Nc3 Bb4 4. e5 Ne7 5. a3 Bxc3+ 6. bxc3 b6 7. Qg4 Ng6 8. h4
h5 9. Qg3 Ba6 10. Bxa6 Nxa6 11. Bg5 Qd7 12. Ne2 Nb8 13. O-O Nc6 14. Qd3 Nge7 15.
Ng3 Na5 16. Rfb1 Nc4 17. a4 g6 18. Nf1 Nf5 19. Bf6 Rg8 20. Nd2 Nxd2 21. Qxd2 a5
22. Qd3 Qc6 23. Rb5 Kd7 24. Kf1 Rac8 25. Ke2 Ne7 26. f3 Rgf8 27. Rf1 Ng8 28. Bg5
Ne7 29. g4 Rg8 30. Kd2 Rce8 31. Qe2 Kc8 32. Qd3 Kd7 33. Bf6 Kc8 34. Kc1 Kd7 35.
Kb2 Kc8 36. Ka3 Kd7 37. Rbb1 Nc8 38. Qe3 Na7 39. Qd3 Rb8 40. Rb3 Rb7 41. Rfb1
Rgb8 42. Rb5 Nxb5+ 43. Rxb5 Qc4 44. Qxc4 dxc4 45. Rb1 b5 46. axb5 Rxb5 47. Rd1
Rb1 48. Rxb1 Rxb1 49. Ka4 Kc6 50. Kxa5 Rb2 51. gxh5 gxh5 52. Be7 Rxc2 53. Kb4
Kd5 54. Bd8 c6 55. Bg5 Rf2 56. f4 Rb2+ 57. Ka5 Rb3 58. f5 Rxc3 59. fxe6 fxe6 0-1

[Event "ch-RUS Blitz w 2016"]
[Site "Sochi RUS"]
[Date "2016.10.04"]
[Round "6.2"]
[White "Bodnaruk, Anastasia"]
[Black "Tomilova, Elena"]
[Result "0-1"]
[WhiteTitle "IM"]
[BlackTitle "WIM"]
[WhiteElo "2463"]
[BlackElo "2309"]
[WhiteFideId "4181751"]
[BlackFideId "4162340"]
[EventDate "2016.10.04"]

1. e4 e6 2. d4 d5 3. Nc3 Nf6 4. e5 Nfd7 5. f4 c5 6. Nf3 Nc6 7. Be3 cxd4 8. Nxd4
Bc5 9. Qd2 O-O 10. O-O-O Bxd4 11. Bxd4 a6 12. h4 b5 13. h5 b4 14. Na4 Qa5 15. b3
Nxd4 16. Qxd4 Bb7 17. f5 Bc6 18. f6 gxf6 19. exf6 Kh8 20. Bd3 Rg8 21. Qf4 Bxa4
22. bxa4 Qxa4 23. Kb1 Rab8 24. Rh3 Qa3 25. Qh6 Nf8 26. Bxh7 Nxh7 27. Rxa3 bxa3+
28. Kc1 Rxg2 29. Rd3 Rc8 30. c3 Rcg8 31. c4 Rxa2 32. Qe3 Rg1+ 33. Qxg1 Ra1+ 34.
Kc2 Rxg1 35. Rxa3 dxc4 36. Rxa6 Nxf6 37. h6 Kh7 38. Kc3 Rg4 39. Ra7 Nd5+ 40. Kd2
Rg2+ 41. Kc1 Kg6 42. h7 Kxh7 43. Rxf7+ Kg6 44. Rf8 Kg7 45. Re8 Kf7 46. Rc8 c3
47. Rxc3 Rg1+ 0-1

[Event "ch-RUS Blitz w 2016"]
[Site "Sochi RUS"]
[Date "2016.10.04"]
[Round "6.3"]
[White "Girya, Olga"]
[Black "Gvanceladze, Anna"]
[Result "1-0"]
[WhiteTitle "WGM"]
[BlackTitle "WFM"]
[WhiteElo "2446"]
[BlackElo "2223"]
[WhiteFideId "4195752"]
[BlackFideId "4113721"]
[EventDate "2016.10.04"]

1. d4 Nf6 2. Nf3 e6 3. Bf4 Be7 4. e3 d6 5. h3 c5 6. c3 O-O 7. Nbd2 b6 8. Bd3 Bb7
9. O-O Nbd7 10. Re1 d5 11. a4 a6 12. Qe2 Re8 13. Bh2 Ne4 14. Ne5 Nxe5 15. Bxe5
Bd6 16. Bxe4 dxe4 17. Bxd6 Qxd6 18. Nc4 Qc7 19. Red1 Bd5 20. a5 cxd4 21. Rxd4
bxa5 22. Nxa5 Reb8 23. Qd2 h5 24. c4 Bc6 25. b4 f5 26. Rd6 Be8 27. c5 Bf7 28.
Rd7 Qe5 29. Rd1 Qf6 30. c6 Rc8 31. c7 Kh7 32. Rd8 Qe5 1-0

[Event "ch-RUS Blitz w 2016"]
[Site "Sochi RUS"]
[Date "2016.10.04"]
[Round "6.4"]
[White "Severina, Maria"]
[Black "Nechaeva, Marina"]
[Result "0-1"]
[WhiteTitle "WIM"]
[BlackTitle "IM"]
[WhiteElo "2232"]
[BlackElo "2428"]
[WhiteFideId "4116909"]
[BlackFideId "4149351"]
[EventDate "2016.10.04"]

1. Nf3 d5 2. g3 Nf6 3. Bg2 Bg4 4. O-O Nbd7 5. d3 c6 6. Qe1 e5 7. e4 dxe4 8. dxe4
Bc5 9. h3 Bxf3 10. Bxf3 O-O 11. c3 a5 12. Qe2 Qe7 13. Nd2 Rfd8 14. Nc4 h6 15.
Ne3 Qe6 16. Bg2 Bf8 17. Kh2 Nc5 18. f3 Nd3 19. h4 c5 20. Bh3 Qa6 21. c4 b5 22.
b3 bxc4 23. Nxc4 a4 24. Rb1 axb3 25. axb3 Nxc1 26. Rfxc1 Rd4 27. Bf1 Rad8 28.
Rd1 Qb7 29. Rxd4 exd4 30. Qd3 Ra8 31. Bg2 Ra2 32. Rb2 Rxb2 33. Nxb2 Qb4 34. f4
Ng4+ 35. Kg1 Qe1+ 36. Qf1 Qxg3 37. Qf3 Qe1+ 38. Qf1 Qxh4 39. Qf3 Qe1+ 40. Qf1
Qe3+ 41. Kh1 Nf2+ 42. Kg1 Nxe4+ 43. Kh2 Bd6 44. Nc4 Bxf4+ 45. Kh1 Ng3+ 0-1

[Event "ch-RUS Blitz w 2016"]
[Site "Sochi RUS"]
[Date "2016.10.04"]
[Round "6.6"]
[White "Semenova, Elena1"]
[Black "Charochkina, Daria"]
[Result "0-1"]
[WhiteTitle "WIM"]
[BlackTitle "IM"]
[WhiteElo "2256"]
[BlackElo "2366"]
[WhiteFideId "24125148"]
[BlackFideId "4180917"]
[EventDate "2016.10.04"]

1. e4 c5 2. Nf3 Nc6 3. Bb5 g6 4. O-O Bg7 5. c3 Nf6 6. Re1 O-O 7. d4 d5 8. e5 Ne4
9. Bxc6 bxc6 10. Nbd2 Bf5 11. Nh4 e6 12. Nxf5 exf5 13. Nf1 cxd4 14. cxd4 Ng5 15.
Bxg5 Qxg5 16. Rc1 Rab8 17. b3 Rb6 18. Rc5 Rc8 19. Nd2 Bf8 20. Nf3 Qd8 21. Rc2 a5
22. e6 f6 23. Qe2 Rc7 24. Rec1 Qd6 25. Rc5 Re7 26. Rxa5 Rxe6 27. Qf1 Qd8 28. Ra7
Re7 29. Rxe7 Qxe7 30. h3 Rb8 31. Rxc6 Qd7 32. Rc2 Bd6 33. Qe2 g5 34. Qe3 Re8 35.
Qc1 g4 36. Nh4 gxh3 37. gxh3 f4 38. Kg2 Qg7+ 39. Kh1 Qh6 40. Ng2 Qxh3+ 41. Kg1
f3 42. Nf4 Qg4+ 43. Kf1 Bxf4 0-1

[Event "ch-RUS Blitz w 2016"]
[Site "Sochi RUS"]
[Date "2016.10.04"]
[Round "6.7"]
[White "Drozdova, Dina"]
[Black "Belenkaya, Dina"]
[Result "0-1"]
[WhiteTitle "WIM"]
[BlackTitle "WFM"]
[WhiteElo "2242"]
[BlackElo "2313"]
[WhiteFideId "4170695"]
[BlackFideId "24142654"]
[EventDate "2016.10.04"]

1. e4 d6 2. d4 Nf6 3. Nc3 e5 4. Nf3 Nbd7 5. Bc4 Be7 6. a4 O-O 7. a5 exd4 8. Nxd4
Re8 9. O-O Nc5 10. Re1 Bf8 11. f3 h6 12. Be3 c6 13. Bf2 d5 14. exd5 Rxe1+ 15.
Qxe1 cxd5 16. Bb5 Ne6 17. Qd2 Nxd4 18. Bxd4 Be6 19. Ne2 a6 20. Bd3 Rc8 21. c3
Bc5 22. Bc2 Qd6 23. Bb3 Rd8 24. Qe3 Bxd4 25. Nxd4 Re8 26. Qd2 Qc5 27. Qf4 Bd7
28. Qd2 Bb5 29. Re1 Rxe1+ 30. Qxe1 Bd7 31. Qa1 Bb5 32. Qe1 Bd7 33. Qa1 Bb5 34.
Qe1 Bd7 35. Qa1 Bb5 36. Qe1 Bd7 37. Qa1 Bb5 38. h3 Bd7 39. Kh1 Qc7 40. Qa3 Qe5
41. Qa1 Nh5 42. Bc2 Nf4 43. Qf1 0-1

[Event "ch-RUS Blitz w 2016"]
[Site "Sochi RUS"]
[Date "2016.10.04"]
[Round "6.8"]
[White "Pogonina, Natalija"]
[Black "Sukhareva, Evgeniya"]
[Result "1-0"]
[WhiteTitle "WGM"]
[WhiteElo "2484"]
[BlackElo "2151"]
[WhiteFideId "4147855"]
[BlackFideId "4167155"]
[EventDate "2016.10.04"]

1. d4 d5 2. c4 e6 3. Nf3 Nf6 4. g3 Be7 5. Bg2 O-O 6. O-O b6 7. Nc3 c6 8. b3 Bb7
9. Bb2 Na6 10. Ne5 Rc8 11. e4 Qc7 12. exd5 cxd5 13. cxd5 Nxd5 14. Ne4 Qc2 15.
Rb1 Qxd1 16. Rfxd1 Rc2 17. Nc4 b5 18. Ncd6 Ba8 19. Nxb5 f5 20. Nd2 Rb8 21. a4
Nab4 22. Nc4 a6 23. Nba3 Re2 24. Bf3 Nc3 25. Bxe2 Nxe2+ 26. Kf1 Bf3 27. Ne5 Bh5
28. f3 Nd5 29. Kxe2 Rxb3 30. Nac4 Bf6 31. Ba1 1-0

[Event "ch-RUS Blitz w 2016"]
[Site "Sochi RUS"]
[Date "2016.10.04"]
[Round "6.9"]
[White "Shaydullina, Sandugach"]
[Black "Goryachkina, Aleksandra"]
[Result "0-1"]
[WhiteTitle "WGM"]
[BlackTitle "WGM"]
[WhiteElo "2142"]
[BlackElo "2460"]
[WhiteFideId "4140389"]
[BlackFideId "4147103"]
[EventDate "2016.10.04"]

1. d4 d5 2. Nf3 c6 3. c4 e6 4. Nbd2 Nf6 5. g3 Be7 6. Bg2 O-O 7. O-O b6 8. Qc2
Bb7 9. e4 Na6 10. e5 Nd7 11. h4 Rc8 12. Rd1 h6 13. a3 Qc7 14. b4 c5 15. dxc5
bxc5 16. b5 Nab8 17. Bb2 d4 18. Re1 a5 19. a4 Nb6 20. Bc1 N8d7 21. Ra3 Qb8 22.
Nf1 Bxf3 23. Bxf3 Nxe5 24. Bg2 Nexc4 25. Ra1 Bd6 26. Nh2 Ne5 27. f4 Ned7 28. Ng4
h5 29. Nf2 c4 30. Bc6 d3 31. Qb2 Nf6 32. Bd2 Qa7 33. Be3 Nfd5 34. Bd4 c3 35. Qb3
Bb4 36. Ne4 d2 37. Rf1 Qe7 38. Kh2 Rfd8 39. Nxc3 Nxc3 40. Bxc3 Bxc3 41. Qxc3 Qd6
42. Rfd1 Qd4 43. Qf3 Nc4 44. Qxh5 Qf2+ 45. Kh3 Ne3 46. Qf3 Qxf3 47. Bxf3 Nxd1
48. Rxd1 Rc1 49. Kg2 Rc4 0-1

[Event "ch-RUS Blitz w 2016"]
[Site "Sochi RUS"]
[Date "2016.10.04"]
[Round "6.10"]
[White "Baraeva, Marina"]
[Black "Vasilevich, Tatjana"]
[Result "0-1"]
[WhiteTitle "WIM"]
[BlackTitle "IM"]
[WhiteElo "2173"]
[BlackElo "2372"]
[WhiteFideId "24142573"]
[BlackFideId "14101610"]
[EventDate "2016.10.04"]

1. d4 Nf6 2. c4 c5 3. Nf3 cxd4 4. Nxd4 e5 5. Nb5 d5 6. cxd5 a6 7. N5c3 Bc5 8. g3
O-O 9. Bg2 b5 10. O-O b4 11. Ne4 Nxe4 12. Bxe4 Bb7 13. a3 f5 14. axb4 Bxb4 15.
Bg2 e4 16. Qb3 a5 17. Nc3 Nd7 18. f3 Qb6+ 19. Kh1 Bxc3 20. Qxb6 Nxb6 21. bxc3
Nxd5 22. fxe4 fxe4 23. Rxf8+ Rxf8 24. Ba3 Re8 25. c4 Ne3 26. c5 Rc8 27. Rc1 Bd5
28. Kg1 Rc6 29. Rc3 Nf5 30. Kf2 Kf7 31. g4 Nh4 32. h3 Ke6 33. e3 Ng6 34. Rc2 Ne5
35. Ke2 Nd3 36. Kd2 Nb4 37. Bxb4 axb4 38. Rb2 b3 39. Bf1 Rxc5 40. Be2 Ke5 41.
Bd1 Rb5 42. Kc3 h5 43. gxh5 Kf5 44. Rg2 Rb7 45. Kb2 Ke5 46. Rg5+ Kd6 47. Rg6+
Kc5 48. Rg5 Kd6 49. Rg6+ Ke5 50. Rg5+ Ke6 51. Bg4+ Kd6 52. Bd1 Re7 53. Bxb3 Bxb3
54. Kxb3 Rc7 55. Kb4 Ke6 56. Rg6+ Kf5 57. Rg4 Ke5 58. Rg5+ Kf6 59. Rg4 Kf5 60.
Kb3 Rd7 61. Rf4+ Ke5 62. Kc4 Rd3 63. Rg4 Rxe3 64. Rxg7 Rxh3 65. Rg5+ Kf4 66. Ra5
e3 67. Kd3 Rh2 68. Ra8 Rd2+ 69. Kc3 Rd6 70. Rf8+ Ke4 71. h6 Rc6+ 72. Kb3 Rxh6
73. Kc2 Rd6 0-1

[Event "ch-RUS Blitz w 2016"]
[Site "Sochi RUS"]
[Date "2016.10.04"]
[Round "6.11"]
[White "Gritsayeva, Oksana"]
[Black "Vasilevich, Irina"]
[Result "1/2-1/2"]
[WhiteTitle "WFM"]
[BlackTitle "IM"]
[WhiteElo "2321"]
[BlackElo "2285"]
[WhiteFideId "14104652"]
[BlackFideId "4141296"]
[EventDate "2016.10.04"]

1. e4 c5 2. Nf3 e6 3. c4 Nc6 4. Be2 Nd4 5. Nxd4 cxd4 6. d3 g6 7. O-O Bg7 8. Na3
Ne7 9. Nc2 O-O 10. b4 a5 11. b5 b6 12. Bg5 Bb7 13. Qd2 Re8 14. Qf4 Qb8 15. Qh4
Qd6 16. f4 e5 17. f5 f6 18. Bc1 gxf5 19. exf5 Qc7 20. Bh6 Bxh6 21. Qxh6 Qd6 22.
Rae1 Kh8 23. Qh3 Rg8 24. Bf3 Bxf3 25. Rxf3 Rg5 26. Re4 Rag8 27. g3 Qc7 28. Kf1
R8g7 29. Rf2 d5 30. cxd5 Nxd5 31. Qh6 Rxf5 32. Rxf5 Qxc2 33. Rxf6 Qxd3+ 34. Kg1
Nxf6 35. Qxf6 Qb1+ 36. Kf2 Qxe4 37. Qd8+ Rg8 38. Qf6+ Rg7 39. Qd8+ Rg8 1/2-1/2

[Event "ch-RUS Blitz w 2016"]
[Site "Sochi RUS"]
[Date "2016.10.04"]
[Round "6.12"]
[White "Kostrikina, Anna"]
[Black "Berdychevskaya, Natasha"]
[Result "0-1"]
[WhiteTitle "WFM"]
[BlackTitle "WFM"]
[WhiteElo "2161"]
[BlackElo "2208"]
[WhiteFideId "4176219"]
[BlackFideId "4159322"]
[EventDate "2016.10.04"]

1. e4 Nc6 2. d4 e5 3. d5 Nce7 4. Nc3 Ng6 5. g3 Bc5 6. Bg2 Nf6 7. Nf3 d6 8. O-O
a6 9. Bg5 h6 10. Bd2 O-O 11. h3 Nh7 12. Qe2 f5 13. exf5 Bxf5 14. Ne4 Bb6 15. c4
Qd7 16. Kh2 Nf6 17. Nxf6+ Rxf6 18. Be3 Bxe3 19. Qxe3 Raf8 20. Nd2 R6f7 21. Ne4
Ne7 22. Rae1 Bh7 23. Nc3 Nf5 24. Qd2 Nd4 25. f4 Nc2 26. Re2 exf4 27. Rxf4 Rxf4
28. gxf4 Nb4 29. Ne4 a5 30. a3 Na6 31. b4 axb4 32. axb4 Qf5 33. Rf2 Re8 34. Ng3
Qb1 35. Qd4 Nxb4 36. f5 Nc2 37. Qc3 Ne1 38. Nh5 Re7 39. f6 0-1

[Event "ch-RUS Blitz w 2016"]
[Site "Sochi RUS"]
[Date "2016.10.04"]
[Round "6.13"]
[White "Abramova, Yulia"]
[Black "Markelova, Lubov"]
[Result "0-1"]
[BlackTitle "WFM"]
[WhiteElo "1969"]
[BlackElo "2133"]
[WhiteFideId "24104655"]
[BlackFideId "24131369"]
[EventDate "2016.10.04"]

1. e4 e6 2. d4 d5 3. Nd2 c5 4. dxc5 Bxc5 5. e5 Nc6 6. Ngf3 Nge7 7. Nb3 Bb6 8.
Bf4 O-O 9. Bd3 Ng6 10. Bg3 f5 11. exf6 Qxf6 12. c3 Nf4 13. Bxf4 Qxf4 14. Qc2 g6
15. O-O e5 16. Bb5 Bh3 17. Qd2 Qxd2 18. Nbxd2 e4 19. Bxc6 bxc6 20. Nd4 Bd7 21.
b4 a5 22. a3 axb4 23. axb4 c5 24. bxc5 Bxc5 25. N2b3 Bd6 26. Rad1 Rab8 27. Ra1
Ra8 28. Rfe1 Ba4 29. Rab1 Rab8 30. Na5 Be5 31. Nb7 Bxd4 32. cxd4 Bc6 33. Nc5 Bb5
34. Rb2 Bc4 35. Reb1 Rxb2 36. Rxb2 e3 37. Ne6 Re8 38. Nf4 e2 39. Nxe2 Rxe2 40.
Rb8+ Kg7 41. f3 Re1+ 42. Kf2 Rf1+ 43. Ke3 Re1+ 44. Kf2 Rd1 45. Ke3 Rd3+ 46. Kf4
Rxd4+ 47. Ke5 Rd2 48. g4 Re2+ 49. Kf4 Kf6 50. g5+ Ke6 51. Rb6+ Kd7 52. Rb7+ Kd6
53. Rxh7 d4 54. Rg7 Bd3 55. h4 Bb1 56. Rb7 Bc2 57. Kg4 d3 58. h5 gxh5+ 59. Kxh5
d2 60. Rb6+ Kd5 0-1

[Event "ch-RUS Blitz w 2016"]
[Site "Sochi RUS"]
[Date "2016.10.04"]
[Round "6.14"]
[White "Ektova, Elena"]
[Black "Diakonova, Ekaterina"]
[Result "0-1"]
[WhiteElo "1725"]
[BlackElo "2321"]
[WhiteFideId "24124419"]
[BlackFideId "24172936"]
[EventDate "2016.10.04"]

1. c4 Nf6 2. Nc3 g6 3. g3 Bg7 4. Bg2 O-O 5. e3 c5 6. Nge2 Nc6 7. O-O b6 8. d4
Bb7 9. b3 a6 10. Bb2 Qc7 11. Qc2 Nb4 12. Qd2 Bxg2 13. Kxg2 cxd4 14. exd4 d5 15.
Na4 Nc6 16. Rac1 Qb7 17. c5 b5 18. Nb6 Ne4 19. Qe3 Rad8 20. f3 Nxc5 21. Rxc5
Qxb6 22. Rfc1 Rd6 23. Nf4 e6 24. Ne2 b4 25. a3 a5 26. axb4 axb4 27. Qd3 Ra8 28.
Rb5 Qa6 29. Rcc5 Qa2 30. Qc2 Ra6 31. Nc1 Nxd4 32. Nxa2 Nxc2 33. Nxb4 Nxb4 34.
Rxb4 Rd8 35. Rcb5 Bxb2 36. Rb7 d4 37. Re7 Ba3 0-1

[Event "ch-RUS Blitz w 2016"]
[Site "Sochi RUS"]
[Date "2016.10.04"]
[Round "7.1"]
[White "Tomilova, Elena"]
[Black "Girya, Olga"]
[Result "1/2-1/2"]
[WhiteTitle "WIM"]
[BlackTitle "WGM"]
[WhiteElo "2309"]
[BlackElo "2446"]
[WhiteFideId "4162340"]
[BlackFideId "4195752"]
[EventDate "2016.10.04"]

1. c4 c6 2. Nf3 d5 3. e3 Nf6 4. Nc3 e6 5. Qc2 Nbd7 6. b3 Bd6 7. Bb2 a6 8. Be2 e5
9. d4 e4 10. Nd2 O-O 11. O-O Re8 12. Rae1 Nf8 13. f3 exf3 14. Bxf3 Ng6 15. e4
dxe4 16. Ndxe4 Bf5 17. Qf2 Bxe4 18. Nxe4 Nxe4 19. Bxe4 Qc7 20. g3 Bb4 21. Re2
Bf8 22. d5 cxd5 23. Bxd5 Bc5 24. Rxe8+ Rxe8 25. Bd4 Bxd4 26. Qxd4 Ne5 27. Qf4
Re7 28. Kg2 g6 29. h3 Qd6 30. Qd4 Kg7 31. Qf4 f6 32. Rd1 Qc5 33. Qf2 Qc7 34. Qd4
Qd6 35. Qf2 Qc7 36. Qd4 Qd6 37. Qf2 1/2-1/2

[Event "ch-RUS Blitz w 2016"]
[Site "Sochi RUS"]
[Date "2016.10.04"]
[Round "7.2"]
[White "Pustovoitova, Daria"]
[Black "Nechaeva, Marina"]
[Result "1/2-1/2"]
[WhiteTitle "FM"]
[BlackTitle "IM"]
[WhiteElo "2386"]
[BlackElo "2428"]
[WhiteFideId "4182146"]
[BlackFideId "4149351"]
[EventDate "2016.10.04"]

1. d4 Nf6 2. c4 c5 3. d5 b5 4. Qc2 bxc4 5. e4 d6 6. Bxc4 g6 7. Nf3 Bg7 8. O-O
O-O 9. h3 Nbd7 10. Nc3 Nb6 11. Be2 a5 12. a4 Ba6 13. Bxa6 Rxa6 14. Qe2 Ra8 15.
Nd2 Qd7 16. Ra2 Rfb8 17. b3 Ne8 18. Nb5 Nc7 19. Na3 Na6 20. Ndc4 Nxc4 21. Nxc4
Rxb3 22. Nxa5 Nb4 23. Nxb3 Nxa2 24. Qxa2 Rxa4 25. Qc2 Qb5 26. Bg5 c4 27. Nd2 c3
28. Nf3 Kf8 29. Rb1 Rb4 30. Ra1 Qb7 31. Ne1 h6 32. Bc1 g5 33. Be3 Bf6 34. h4 Kg7
35. hxg5 hxg5 36. Rc1 Rb2 37. Qd3 Qb4 38. Nc2 Qb3 39. Nd4 Qa2 40. Qxc3 Rb1 41.
Nf5+ Kg6 42. Qe1 Rxc1 43. Qxc1 Qa4 44. Qb1 Qc4 45. e5 1/2-1/2

[Event "ch-RUS Blitz w 2016"]
[Site "Sochi RUS"]
[Date "2016.10.04"]
[Round "7.3"]
[White "Ambartsumova, Karina"]
[Black "Charochkina, Daria"]
[Result "0-1"]
[WhiteTitle "WGM"]
[BlackTitle "IM"]
[WhiteElo "2280"]
[BlackElo "2366"]
[WhiteFideId "4166299"]
[BlackFideId "4180917"]
[EventDate "2016.10.04"]

1. e4 c6 2. d4 d5 3. e5 Bf5 4. Nd2 e6 5. Nb3 Nd7 6. Nf3 Qc7 7. Be2 Ne7 8. O-O h6
9. Be3 Bg6 10. Rc1 Nf5 11. Bd2 Be7 12. c4 dxc4 13. Bxc4 O-O 14. Qe2 Bh5 15. h3
Nh4 16. g4 Nxf3+ 17. Qxf3 Bg6 18. Qe2 Nb6 19. Ba5 Qd7 20. Bxb6 axb6 21. a3 b5
22. Bd3 Bxd3 23. Qxd3 Ra4 24. Rfd1 Rd8 25. Qe3 Qd5 26. Rd3 Rc4 27. Rcc3 Rxc3 28.
Rxc3 b4 29. axb4 Bxb4 30. Rc1 Ra8 31. Rc2 b6 32. Kh2 c5 33. dxc5 bxc5 34. Nd2
Ra1 35. Qe4 Bxd2 36. Qxd5 Bf4+ 37. Kg2 exd5 38. Rxc5 Bxe5 39. Rxd5 Bxb2 40. Rb5
Bf6 41. Rb8+ Kh7 42. Rb7 Kg6 43. Rb6 Ra2 44. Kg3 Kh7 45. Rb7 Be5+ 46. f4 Ra3+
47. Kg2 Bxf4 48. Rxf7 Be5 49. Rf5 Bf6 50. Rb5 Ra2+ 51. Kg3 Ra3+ 52. Kg2 Bh4 53.
Rb2 Rg3+ 54. Kh2 Rf3 55. Kg2 Rg3+ 56. Kh2 Re3 57. Kg2 Bf6 58. Rc2 Be5 59. Rc5
Rg3+ 60. Kh2 Re3+ 61. Kg2 Kg6 62. Rb5 Bf6 63. Rd5 Re5 64. Rd2 Kg5 65. Rd3 Kf4
66. Rf3+ Ke4 67. Rb3 Rc5 68. Rb4+ Bd4 69. Kg3 Rc3+ 70. Kg2 Rd3 71. Rb7 Kf4 72.
Rb4 Rd2+ 73. Kf1 Ke3 74. Rb3+ Rd3 75. Rb7 Kf3 76. Rd7 Rd1# 0-1

[Event "ch-RUS Blitz w 2016"]
[Site "Sochi RUS"]
[Date "2016.10.04"]
[Round "7.5"]
[White "Drozdova, Dina"]
[Black "Pogonina, Natalija"]
[Result "1/2-1/2"]
[WhiteTitle "WIM"]
[BlackTitle "WGM"]
[WhiteElo "2242"]
[BlackElo "2484"]
[WhiteFideId "4170695"]
[BlackFideId "4147855"]
[EventDate "2016.10.04"]

1. d4 Nf6 2. c4 e6 3. Nc3 d5 4. Bg5 Be7 5. e3 Nbd7 6. Rc1 O-O 7. cxd5 exd5 8.
Bd3 c6 9. Nge2 Ne4 10. Bxe7 Qxe7 11. O-O Ndf6 12. Ng3 Nxg3 13. hxg3 Bg4 14. Qc2
Bh5 15. Na4 Bg6 16. Bxg6 hxg6 17. Nc5 Ng4 18. Nd3 Qg5 19. Nf4 Qh6 20. Nh3 Rae8
21. Qe2 f5 22. b4 a6 23. a4 Re6 24. b5 axb5 25. axb5 g5 26. bxc6 bxc6 27. Rc3
Nf6 28. Rfc1 Ne4 29. R3c2 Kh7 30. Ra1 Ref6 31. Ra6 g4 32. Nf4 g5 33. Nd3 Rb8 34.
Rc1 Kh8 35. Ne5 Rc8 36. Ra7 Kg8 37. Qa2 Qh5 38. Qa6 Rcf8 39. Qb7 Qh6 40. Qe7 Re6
41. Qd7 Rd6 42. Qe7 Re6 43. Qd7 Rd6 44. Qe7 1/2-1/2

[Event "ch-RUS Blitz w 2016"]
[Site "Sochi RUS"]
[Date "2016.10.04"]
[Round "7.6"]
[White "Diakonova, Ekaterina"]
[Black "Bodnaruk, Anastasia"]
[Result "1-0"]
[BlackTitle "IM"]
[WhiteElo "2321"]
[BlackElo "2463"]
[WhiteFideId "24172936"]
[BlackFideId "4181751"]
[EventDate "2016.10.04"]

1. e4 d6 2. d4 g6 3. Nc3 Bg7 4. f4 Nf6 5. Nf3 O-O 6. Bd3 Na6 7. a3 c5 8. d5 Nc7
9. a4 Na6 10. O-O Nb4 11. Bc4 e6 12. dxe6 Bxe6 13. Bxe6 fxe6 14. Ng5 Qe7 15. Bd2
Rad8 16. Rc1 Nc6 17. Qf3 Nd4 18. Qh3 h6 19. Nf3 Nxf3+ 20. Rxf3 d5 21. e5 Ne4 22.
Nxe4 dxe4 23. Rf2 Bxe5 24. Qxh6 Bd4 25. Qxg6+ Kh8 26. Bc3 e5 27. Bxd4 exd4 28.
f5 Qh7 29. Qg4 e3 30. Rf3 Rf6 31. Rh3 Rh6 32. Rxh6 Qxh6 33. Rf1 Re8 34. f6 e2
35. Re1 Qxf6 36. Qh5+ Kg7 37. Qxe8 d3 38. cxd3 Qd4+ 39. Kh1 Qf2 40. Qxe2 1-0

[Event "ch-RUS Blitz w 2016"]
[Site "Sochi RUS"]
[Date "2016.10.04"]
[Round "7.7"]
[White "Berdychevskaya, Natasha"]
[Black "Gubernatorova, Lyudmila"]
[Result "0-1"]
[WhiteTitle "WFM"]
[WhiteElo "2208"]
[BlackElo "2200"]
[WhiteFideId "4159322"]
[BlackFideId "4123840"]
[EventDate "2016.10.04"]

1. e4 e6 2. d4 d5 3. exd5 exd5 4. Nf3 Nf6 5. Bd3 c5 6. dxc5 Bxc5 7. O-O O-O 8.
h3 Nc6 9. a3 a5 10. Nc3 h6 11. Bf4 Be6 12. Qd2 Nh5 13. Bxh6 Ng3 14. Rfe1 gxh6
15. Qxh6 Nf5 16. Qh5 Qf6 17. Ng5 Bxf2+ 18. Kh2 Bg3+ 19. Kh1 Qh6 20. Qg4 Bxe1 21.
Nxe6+ Ng7 22. Nxf8 Bxc3 23. bxc3 Rxf8 24. Re1 f5 25. Qf3 Qd6 26. c4 dxc4 27.
Bxc4+ Kh8 28. Qe3 Qf6 29. Rb1 Re8 30. Qf2 Qe5 31. Rxb7 Nh5 32. Qh4 Qe1+ 33. Qxe1
Rxe1+ 34. Kh2 f4 35. Bd3 Ng3 36. Rh7+ Kg8 0-1

[Event "ch-RUS Blitz w 2016"]
[Site "Sochi RUS"]
[Date "2016.10.04"]
[Round "7.8"]
[White "Gvanceladze, Anna"]
[Black "Markelova, Lubov"]
[Result "1-0"]
[WhiteTitle "WFM"]
[BlackTitle "WFM"]
[WhiteElo "2223"]
[BlackElo "2133"]
[WhiteFideId "4113721"]
[BlackFideId "24131369"]
[EventDate "2016.10.04"]

1. d4 d5 2. Nf3 Nf6 3. c4 c6 4. cxd5 cxd5 5. Nc3 Nc6 6. Bf4 Bf5 7. Qb3 Na5 8.
Qa4+ Bd7 9. Qc2 e6 10. e3 Nh5 11. Bg5 Be7 12. Bxe7 Qxe7 13. Bd3 Nf6 14. O-O O-O
15. Ne5 Rfc8 16. Qe2 a6 17. Rac1 b5 18. Kh1 Nc4 19. f4 g6 20. g4 Be8 21. g5 Ne4
22. Nxe4 dxe4 23. Bxe4 Nxe5 24. Bxa8 Rxa8 25. dxe5 Rd8 26. Kg2 Qb7+ 27. Kg3 Bc6
28. Rfd1 Rc8 29. Rc3 Bd5 30. Rxc8+ Qxc8 31. b3 Bb7 32. Qd3 Qc6 33. Qd8+ Kg7 34.
Qf6+ 1-0

[Event "ch-RUS Blitz w 2016"]
[Site "Sochi RUS"]
[Date "2016.10.04"]
[Round "7.9"]
[White "Nebolsina, Vera"]
[Black "Vasilevich, Tatjana"]
[Result "1-0"]
[WhiteTitle "WGM"]
[BlackTitle "IM"]
[WhiteElo "2219"]
[BlackElo "2372"]
[WhiteFideId "4163591"]
[BlackFideId "14101610"]
[EventDate "2016.10.04"]

1. Nf3 d5 2. g3 b5 3. Bg2 Bb7 4. O-O Nf6 5. b3 e6 6. Bb2 Be7 7. d3 O-O 8. Nbd2
c5 9. Re1 Nc6 10. e4 d4 11. Qe2 Qc7 12. c4 dxc3 13. Bxc3 Rfd8 14. Nf1 Rac8 15.
Red1 Nd4 16. Qb2 Nxf3+ 17. Bxf3 b4 18. Be5 Qb6 19. Ne3 Ba6 20. Nc4 Bxc4 21. dxc4
Ne8 22. Bf4 g6 23. e5 Ng7 24. g4 Ne8 25. Kg2 Bf8 26. Bg5 Rxd1 27. Rxd1 h6 28.
Bf4 Rd8 29. Qc1 Bg7 30. Re1 Rd7 31. Bxh6 Qd8 32. Bxg7 Kxg7 33. Qe3 Rd4 34. h4
Nc7 35. Rh1 Na6 36. h5 g5 37. h6+ Kh8 38. Rh5 Rf4 39. Kg3 Qd4 40. Rxg5 Qxe3 41.
fxe3 f6 42. Rh5 Rxf3+ 43. Kxf3 1-0

[Event "ch-RUS Blitz w 2016"]
[Site "Sochi RUS"]
[Date "2016.10.04"]
[Round "7.10"]
[White "Gritsayeva, Oksana"]
[Black "Belenkaya, Dina"]
[Result "1-0"]
[WhiteTitle "WFM"]
[BlackTitle "WFM"]
[WhiteElo "2321"]
[BlackElo "2313"]
[WhiteFideId "14104652"]
[BlackFideId "24142654"]
[EventDate "2016.10.04"]

1. b3 d5 2. Bb2 Nf6 3. e3 Bf5 4. Nf3 e6 5. Be2 h6 6. O-O Be7 7. c4 c6 8. Nc3 O-O
9. cxd5 exd5 10. Nd4 Bg6 11. f4 Nbd7 12. Nf3 Bd6 13. Rc1 Re8 14. Nd4 Ne4 15.
Nxe4 dxe4 16. Bc4 a6 17. Qg4 Qf6 18. Ba1 h5 19. Qxd7 Re7 20. Qh3 Rc7 21. Nb5
cxb5 22. Bxf6 bxc4 23. Be5 Bxe5 24. fxe5 Re8 25. Rxc4 Rce7 26. Rc8 1-0